| 000 -LEADER |
| fixed length control field |
01572cam a2200349 a 4500 |
| 001 - CONTROL NUMBER |
| control field |
14032922 |
| 003 - CONTROL NUMBER IDENTIFIER |
| control field |
Nust |
| 005 - DATE AND TIME OF LATEST TRANSACTION |
| control field |
20170420163406.0 |
| 008 - FIXED-LENGTH DATA ELEMENTS--GENERAL INFORMATION |
| fixed length control field |
050712s2004 ii a b 100 0 eng |
| 010 ## - LIBRARY OF CONGRESS CONTROL NUMBER |
| LC control number |
2004314921 |
| 025 ## - OVERSEAS ACQUISITION NUMBER |
| Overseas acquisition number |
I-E-2004-314921; 18-91; 19-91 |
| 037 ## - SOURCE OF ACQUISITION |
| Source of stock number/acquisition |
Library of Congress -- New Delhi Overseas Office |
| Terms of availability |
Rs72.00 |
| 040 ## - CATALOGING SOURCE |
| Original cataloging agency |
DLC |
| Transcribing agency |
DLC |
| 041 0# - LANGUAGE CODE |
| Language code of text/sound track or separate title |
eng |
| -- |
san |
| 042 ## - AUTHENTICATION CODE |
| Authentication code |
lcode |
| 043 ## - GEOGRAPHIC AREA CODE |
| Geographic area code |
a-ii--- |
| 050 00 - LIBRARY OF CONGRESS CALL NUMBER |
| Classification number |
N7302 |
| Item number |
.A686 2004 |
| 082 ## - DEWEY DECIMAL CLASSIFICATION NUMBER |
| Classification number |
954.8 |
| Author Mark |
AIY |
| 245 00 - TITLE STATEMENT |
| Title |
Art of ancient India : |
| Remainder of title |
contextualizing social relations / |
| Statement of responsibility, etc. |
editors, Shivaji k. Panikkar and Abha Sheth. |
| 250 ## - EDITION STATEMENT |
| Edition statement |
1st ed. |
| 260 ## - PUBLICATION, DISTRIBUTION, ETC. |
| Place of publication, distribution, etc. |
[Baroda] : |
| Name of publisher, distributor, etc. |
Maharaja Sayajirao University of Baroda : |
| -- |
Copies available at University Publication Sales Unit, |
| Date of publication, distribution, etc. |
[2004?] |
| 300 ## - PHYSICAL DESCRIPTION |
| Extent |
xii, 93 p. : |
| Other physical details |
ill. ; |
| Dimensions |
26 cm. |
| 504 ## - BIBLIOGRAPHY, ETC. NOTE |
| Bibliography, etc. note |
Includes bibliographical references. |
| 520 ## - SUMMARY, ETC. |
| Summary, etc. |
Contributed articles presented at a conference titled theorizing India's pre-modern visual culture: issues of class, caste, gender, and sexualities at Department of Art History and Aesthetics, Maharaja Sayajirao University of Baroda, February 13th-15th, 2003. |
| 546 ## - LANGUAGE NOTE |
| Language note |
Includes words in Sanskrit |
| Information code or alphabet |
(roman). |
| 650 #0 - SUBJECT ADDED ENTRY--TOPICAL TERM |
| Topical term or geographic name entry element |
Art, Ancient |
| Geographic subdivision |
India. |
| 650 #0 - SUBJECT ADDED ENTRY--TOPICAL TERM |
| Topical term or geographic name entry element |
Art and society |
| Geographic subdivision |
India. |
| 700 1# - ADDED ENTRY--PERSONAL NAME |
| Personal name |
Panikkar, Shivaji. |
| 700 1# - ADDED ENTRY--PERSONAL NAME |
| Personal name |
Sheth, Abha. |
| 710 2# - ADDED ENTRY--CORPORATE NAME |
| Corporate name or jurisdiction name as entry element |
Maharaja Sayajirao University of Baroda. |
| Subordinate unit |
Department of Art History and Aesthetics. |
| 906 ## - LOCAL DATA ELEMENT F, LDF (RLIN) |
| a |
7 |
| b |
cbc |
| c |
origode |
| d |
3 |
| e |
ncip |
| f |
20 |
| g |
y-gencatlg |
| 942 ## - ADDED ENTRY ELEMENTS (KOHA) |
| Source of classification or shelving scheme |
|
| Koha item type |
Book |